Random Hoofdsteden #3 - Statistieken

Algemene statistieken
  • Deze quiz is 16 keer genomen
    8 sinds de laatste reset
  • De gemiddelde score is 6 van 10
Antwoordstatistieken
Antwoord % Correct
Rusland Moskou
100%
Verenigde Staten Washington
100%
Singapore Singapore
83%
Slowakije Bratislava
67%
Nepal Kathmandu
50%
Suriname Paramaribo
50%
Ghana Accra
33%
Jamaica Kingston
33%
Georgie Tblisi
33%
Nigeria Abuja
17%
Geen overeenkomende quizzen gevonden
Scoreverdeling
Procent van Mensen met Elke Score
Percentiel versus Aantal Correcte Antwoorden
Uw Scoregeschiedenis
U heeft deze quiz nog niet genomen sinds de laatste reset